Т. 2; История Рима от основания города

Bibliographic Details
Parent link:История Рима от основания города: в 3 т./ Ливий Тит. Т. 2.— , 1989-
Language:Russian
Published: 1991
Subjects:
Format: Book
KOHA link:https://koha.lib.tpu.ru/cgi-bin/koha/opac-detail.pl?biblionumber=15445

MARC

LEADER 00000nam2a2200000 4500
001 15445
005 20231101205021.0
010 |a 5020089516 
035 |a (RuTPU)RU\TPU\book\15553 
090 |a 15445 
100 |a 20011209d1991 km y0rusy50 ca 
101 1 |a rus  |c lat 
102 |a RU 
105 |a y z 000zy 
200 0 |a Т. 2 
210 |d 1991 
215 |a 526 с. 
461 1 |0 (RuTPU)RU\TPU\book\111176  |t История Рима от основания города  |o в 3 т.  |v Т. 2  |f Ливий Тит  |d 1989- 
606 1 |a Рим Древний  |x История  |2 stltpush  |3 (RuTPU)RU\TPU\subj\58965  |9 76639 
610 1 |a история 
610 1 |a Всемирная история 
610 1 |a античная история 
610 1 |a Римская империя 
686 |a Т3(0)323  |v LBC/SL-A  |2 rubbk 
801 0 |a RU  |b 63413507  |c 20011209  |g PSBO 
801 2 |a RU  |b 63413507  |c 20230406  |g PSBO 
942 |c BK